| 000 | 00543nam a22001817a 4500 | ||
|---|---|---|---|
| 003 | OSt | ||
| 005 | 20260331030602.0 | ||
| 008 | 260331b |||||||| |||| 00| 0 eng d | ||
| 020 | _a9789712717857 | ||
| 040 |
_aDWCL GS lib _cOC |
||
| 082 | _aRes.(Fil.) 808.882 S61p 2003 | ||
| 100 | _aSingh Nem, Rosario P. | ||
| 245 |
_aPhilippine Quotable Quotes : _bVolume 2 _cRosario P. Nem Singh |
||
| 260 |
_aPasig City _bAnvil Publishing Inc. _cc2003. |
||
| 300 |
_a98 pages: _c13cm. |
||
| 546 | _aEnglish | ||
| 942 |
_2ddc _cBK-0 CIRC _hRes(Fil.) _n0 |
||
| 999 |
_c9307 _d9307 |
||